000 004290000a22001690004500
003 LK-CoMWRAF
008 230817t ||||| |||| 00| 0 eng d
040 _aLK-CoMWRAF
_dLK-CoMWRAF
_eLK-CoMWRAF
041 _aeng
082 _a750
_bSHU
100 _aShukri, M.A.M
245 _aMuslim of Sri Lanka
_bAvenues to Antiquity
260 _aBeruwala
_bJamiah Naleemia INST
_c1996
300 _ap.494
650 _aISLAM
942 _cBK
999 _c2662
_d2662